000 00311nam a2200121Ia 4500
008 190216s9999||||xx |||||||||||||| ||und||
100 _aKyle B G
245 0 _aChemical Process Thermo Dynamics With C D
260 _bPrentice Hall Of India Pvt Ltd
300 _a760
650 _aChemistry-Chemistry
942 _cBK
999 _c3321
_d3321